000 00292nam a2200109Ia 4500
008 180205s9999 xx 000 0 und d
020 _a13186615x
100 _aAguinis, Herman
245 _aPerformance management /
260 _aNew jersey
_bPearson education
_c2007
300 _avii, 284 pages
999 _c354855
_d354855